=LDR 00000nam 2200000 4500 =001 000218 =005 20250710113412 =035 ##$$a 0010-0725000027 =007 ta =008 250710################a##########0#ind## =082 ##$$a 398.209 598 =084 ##$$a 398.209 598 KHO s =100 #$$a Khoirunisa, Lutfia =245 1#$$a Seperti Apa Warnanya? /$c Lutfia Khoirunisa =250 ##$$a Edisi kedua =260 ##$$a Jakarta Timur :$b Kementrian Pendidikan, Kebudayaan, Riset, dan Teknologi,$c 2023 =300 ##$$a 36 hlm. : $b ilus. ; $c 29.7 cm$e 398.209 598 =650 #4$$a Cerita Anak - Indonesia =650 #4$$a Kesusastraan Anak =856 ##$$a TBM As Suhada